000 00743nam a22002297a 4500
005 20170124110146.0
010 _aA-369439
020 _c00.00
_a8185135347
035 _aA-369439
037 _bCen Lib/Ret
040 _aDPL
_bEN
082 _a616.994
_bSRI
100 _aSrivastava, Sumitra
_933385
245 _aStress personality and cancer /
_cby Sumitra Srivastava
260 _bNational Book Organisation
_aNew Delhi
_c1988
270 _bNew Delhi
_aH-39 Green Park Extension
_e110016
300 _avi,159p.
_c22cm(Hb)
500 _aIncludes bibliographical references and index
650 _aCancer -- Psychological aspects
_933386
650 _aStress (Psychology)
_937194
942 _2ddc
_cEN
_h616.994
_mSRI
999 _c131980
_d131980